Daňový poriadok s komentárom

Zákon č. 563/2009 Z.z. o správe daní (daňový poriadok) a o zmene a doplnení niektorých zákonov v znení ďalších zákonov ... a zákona č. 339/2016 Z.z.

Saved in:
Bibliographic Details
Main Author: Ivanáková, Daniela
Format: Book Chapter
Language:Slovak
Subjects:
Tags: Add Tag
No Tags, Be the first to tag this record!

MARC

LEADER 00000naa a2200000 4500
001 0234244
005 20170706102943.8
041 0 |a slo 
044 |a SK 
245 1 0 |a Daňový poriadok s komentárom  |c Daniela Ivanáková 
520 |a Zákon č. 563/2009 Z.z. o správe daní (daňový poriadok) a o zmene a doplnení niektorých zákonov v znení ďalších zákonov ... a zákona č. 339/2016 Z.z. 
610 2 0 |a dane 
610 2 0 |a správa daňová 
610 2 0 |a reformy daňové 
610 2 0 |a poriadok daňový 
610 2 0 |a zákony 
610 2 0 |a komentáre 
610 2 0 |a Slovensko 
610 2 0 |a 2009-2016 
100 1 |a Ivanáková, Daniela